Contabilidad financiera
Shranjeno v:
| Main Authors: | , |
|---|---|
| Format: | Knjiga |
| Jezik: | španščina |
| Izdano: |
Ciudad de México
McGraw-Hill Interamericana
2008
|
| Izdaja: | 5a. ed |
| Teme: | |
| Oznake: |
Označite
Brez oznak, prvi označite!
|
MARC
| LEADER | 00000nam a2200000 a 4500 | ||
|---|---|---|---|
| 001 | UCG3158 | ||
| 003 | CL-VaPUC | ||
| 008 | 100812e20080000MX |||||||||||||||||spa|d | ||
| 020 | |a 9789701066218 | ||
| 082 | 0 | 4 | |a 657.48 |b GUA |2 21 |
| 100 | |a Guajardo Cantú, Gerardo |e author |9 552076 | ||
| 700 | 0 | |a Andrade de Guajardo, Nora E |e author |9 552077 | |
| 245 | 1 | 0 | |a Contabilidad financiera |
| 250 | |a 5a. ed | ||
| 300 | |a 556 p | ||
| 942 | |c BK | ||
| 945 | |d 20100812 00:00:00 |a mfarfan | ||
| 260 | |a Ciudad de México |b McGraw-Hill Interamericana |c 2008 | ||
| 650 | 0 | |a Contabilidad financiera |9 307017 | |
| 650 | 0 | |a Administración financiera |9 261146 | |
| 650 | 0 | |a Contabilidad |9 261430 | |
| 650 | 7 | |a ESTADOS FINANCIEROS |2 CL-VaPUC |9 552078 | |
| 650 | 7 | |a INFORMACION FINANCIERA |2 CL-VaPUC |9 386754 | |
| 583 | |a last modification |c 20100812 00:00:00 |k Rodrigo Vera | ||
| 999 | |c 342248 |d 342246 | ||
| 952 | |0 0 |1 0 |4 0 |6 657_480000000000000_GUA_2008 |7 0 |8 A |9 438339 |a BIBING |b BIBING |d 2019-11-22 |i 4706870 |o 657.48 GUA 2008 |p 4706870 |r 2025-01-20 |w 2019-11-22 |y BK |k ING | ||